000 00509nam a2200181Ia 4500
005 20250326141147.0
008 250326s9999 xx 000 0 und d
037 _aTextbook
040 _aFMSL
_beng
_cFMSL
041 _aeng
_2eng
084 _aX755.44 M5;1
_qFMSL
100 _aI.I.C
_9735750
245 0 _aForeign investment in India
_cI.I.C
260 _aNew Delhi
_bNew Delhi, Indian Investment Centre
_c1986
300 _a35p
942 _cTB
_hX755.44 M5;1
999 _c1288987
_d1288987